Essence of Buddha (Record no. 17047)
[ view plain ]
| 000 -LEADER | |
|---|---|
| fixed length control field | 00572nam a2200229 a 4500 |
| 020 ## - INTERNATIONAL STANDARD BOOK NUMBER | |
| ISBN | 9788179927861 |
| 082 00 - DEWEY DECIMAL CLASSIFICATION NUMBER | |
| Classification number | 294.3 |
| Author Cutter | OKA1 |
| 100 ## - MAIN ENTRY--AUTHOR NAME | |
| Author name | Okawa, Ryuho |
| 245 ## - TITLE STATEMENT | |
| Title | Essence of Buddha |
| Sub title | The Path to Enlightenment |
| 260 ## - PUBLICATION, DISTRIBUTION, ETC. (IMPRINT) | |
| Place of publication | Delhi |
| Name of publisher | Jaico Pub. House |
| Year of publication | 2008 |
| 300 ## - PHYSICAL DESCRIPTION | |
| Number of Pages | 201p |
| 500 ## - GENERAL NOTE | |
| General note | includes index and biblioraphy |
| 650 ## - SUBJECT ADDED ENTRY--TOPICAL TERM | |
| Topical Term | Buddhism |
| 942 ## - ADDED ENTRY ELEMENTS (KOHA) | |
| Koha item type | Books |
| 700 1# - | |
| -- | Okawa, Ryuho |
| Collection code | Home library | Current library | Date acquired | Cost, normal purchase price | Full call number | Accession Number | Koha item type |
|---|---|---|---|---|---|---|---|
| Henry Martyn Institute Library | Henry Martyn Institute Library | 10/23/2013 | 195.00 | 294.3 OKA1 | 024160 | Books |
